00247 a2200109 4500001000700000020000600007040001100013100002100024240004400045245003900089362000900128169580 a  cMagnum aAlencar, Marcelo10aTv colosso: jf na marca do penaltilpor10aTv colosso: jf na marca do penalti0 a1899